000
00299nam a2200121Ia 4500
005
20251222154344.0
008
251222s9999||||xx |||||||||||||| ||spa||
082
_a
332.41/I49/1992
100
_a
"Indacochea Cáceda, Alejandro"
245
0
_a
Finanzas en inflación
250
_a
5a.ed.
942
_c
LIB
999
_c
34645
_d
34645